00807cam a22002294a 4500001000800000003000900008005001700017008004100034020002400075040001300099041000800112082001900120100003000139245010200169250001200271260003800283300003900321504005100360650008000411650004700491700003900538TB12054IN-BhIIT20260101155610.0100330s2011 maua b 001 0 eng  a9789332542884 (PBK) aIN-BhIIT aeng00a621.395bWES/C1 aWeste, Neil H. E.eAuthor10aCMOS VLSI design :ba circuits and systems perspective /cby Neil H.E. Weste, David Money Harris. a4th ed. aBoston :bAddison Wesley,cc2011. axxv, 383 p. :bcol. ill. ;c26 cm. aIncludes bibliographical references and index. 0aIntegrated circuitsxVery large scale integrationxDesign and construction. 0aMetal oxide semiconductors, Complementary.1 aHarris, David Money.eJoint author